000 00318nam a22001337a 4500
020 _a9788120333017
082 _222
_a302.2
100 _aSen, Leena.
245 _aCommunicationo skills /
250 _aNA
260 _aNew Delhi,
_bPrentice Hall,
_cc2007.
300 _axiii,273 p. ;
_bill. ;
_c24 cm.
942 _2ddc
_cGEN
999 _c2041
_d2041